Handbook of reinforcements for plastics / (Record no. 11928)
[ view plain ]
| 000 -LEADER | |
|---|---|
| fixed length control field | 00957pam a2200253 a 4500 |
| 001 - CONTROL NUMBER | |
| control field | 990000 |
| 005 - DATE AND TIME OF LATEST TRANSACTION | |
| control field | 19871008000000.0 |
| 008 - FIXED-LENGTH DATA ELEMENTS--GENERAL INFORMATION | |
| fixed length control field | 861119s1987 nyua b 001 0 eng |
| 010 ## - LIBRARY OF CONGRESS CONTROL NUMBER | |
| LC control number | 86028255 |
| 020 ## - INTERNATIONAL STANDARD BOOK NUMBER | |
| International Standard Book Number | 0442264755 |
| 040 ## - CATALOGING SOURCE | |
| Original cataloging agency | DLC |
| Transcribing agency | DLC |
| Modifying agency | DLC |
| 050 00 - LIBRARY OF CONGRESS CALL NUMBER | |
| Classification number | TP1142 |
| Item number | .H377 1987 |
| 082 00 - DEWEY DECIMAL CLASSIFICATION NUMBER | |
| Classification number | 668.494 |
| Edition number | 22 |
| Item number | REI |
| 245 00 - TITLE STATEMENT | |
| Title | Handbook of reinforcements for plastics / |
| Statement of responsibility, etc | edited by John V. Milewski, Harry S. Katz. |
| 260 ## - PUBLICATION, DISTRIBUTION, ETC. (IMPRINT) | |
| Place of publication, distribution, etc | New York : |
| Name of publisher, distributor, etc | Van Nostrand Reinhold Co., |
| Date of publication, distribution, etc | c1987. |
| 300 ## - PHYSICAL DESCRIPTION | |
| Extent | x, 431 p. : |
| Other physical details | ill. ; |
| Dimensions | 26 cm. |
| 504 ## - BIBLIOGRAPHY, ETC. NOTE | |
| Bibliography, etc | Includes bibliographies and index. |
| 650 #0 - SUBJECT ADDED ENTRY--TOPICAL TERM | |
| Topical term or geographic name as entry element | Plastics |
| General subdivision | Additives |
| -- | Handbooks, manuals, etc. |
| 9 (RLIN) | 6564 |
| 650 #0 - SUBJECT ADDED ENTRY--TOPICAL TERM | |
| Topical term or geographic name as entry element | Reinforced plastics |
| General subdivision | Handbooks, manuals, etc. |
| 9 (RLIN) | 6565 |
| 700 1# - ADDED ENTRY--PERSONAL NAME | |
| Personal name | Milewski, John V. |
| 9 (RLIN) | 6566 |
| 700 1# - ADDED ENTRY--PERSONAL NAME | |
| Personal name | Katz, Harry S. |
| 9 (RLIN) | 6567 |
| 942 ## - ADDED ENTRY ELEMENTS (KOHA) | |
| Source of classification or shelving scheme | Dewey Decimal Classification |
| Item type | Book - Borrowing |
| Withdrawn status | Item status | Source of classification or shelving scheme | Damaged status | Not for loan | Vendor | Home library | Current library | Shelving location | Date acquired | Source of acquisition | Cost, normal purchase price | Total Checkouts | Full call number | Barcode | Date last seen | Koha item type |
|---|---|---|---|---|---|---|---|---|---|---|---|---|---|---|---|---|
| Dewey Decimal Classification | Alef-Baa | Central Library | Central Library | First floor | 22/06/2009 | 150.00 | 668.494 REI | 000017054 | 15/07/2025 | Book - Borrowing |